000 00813nam a22002537a 4500
005 20170124110030.0
010 _aB-164338
020 _c200.00
_a8183600123
035 _aB-164338
037 _bCen Lib/Ret
040 _aDPL
_bEN
082 _a530
_bSUB
100 _aSubhash Chander
_979959
245 _aEngineering physics and chemistry /
_cby Subhash Chander [and] Shashi Bhushan Jha
250 _a2nd ed
260 _aNew Delhi
_bJain Brothers
_c2006
270 _a16/873, East Park Road Near Dr. N.C. JoshiHospital, Karol Bagh
_bNew Delhi
_e110005
300 _a580p.:
_c20cm(Hb)
_bill.
500 _aIncludes index
650 _aEngineering--Physics
_979960
650 _aEngineering--Chemistry
_979961
700 _a Jha, Shashi Bhushan
_921419
942 _2ddc
_cEN
_h530
_mSUB
999 _c127749
_d127749